[Event "Druzynowe Mistrzostwa Polski - II Liga Seniorow"]
[Site "Ustron/Slaski Zwiazek Szachowy"]
[Date "2008.09.12"]
[Round "6.1"]
[White "Mista, Aleksander"]
[Black "Proszynski, Waldemar"]
[Result "1-0"]
[WhiteTitle "GM"]
[BlackTitle "I"]
[WhiteElo "2539"]
[BlackElo "2042"]

1. e4 d5 2. exd5 Qxd5 3. Nc3 Qd6 4. d4 Nf6 5. Nf3 Bg4 6. h3 Bxf3 7. Qxf3 c6 8.
Bf4 Qe6+ 9. Be2 Nbd7 10. O-O-O Nd5 11. Bc4 N7f6 12. Bg5 O-O-O 13. Rhe1 Qd7 14.
a4 h6 15. Bh4 g5 16. Bg3 g4 17. hxg4 Qxg4 18. Bxd5 cxd5 19. Qe3 a6 20. Kb1 Qf5
21. a5 Nh5 22. Na4 Nxg3 23. Nb6+ Kb8 24. Qxg3+ Rd6 25. Rd3 Qg5 26. Qxd6+ 1-0

[Event "Druzynowe Mistrzostwa Polski - II Liga Seniorow"]
[Site "Ustron/Slaski Zwiazek Szachowy"]
[Date "2008.09.12"]
[Round "6.2"]
[White "Nurkiewicz, Maciej"]
[Black "Tomczak, Rafal"]
[Result "1/2-1/2"]
[WhiteTitle "m"]
[BlackTitle "FM"]
[WhiteElo "2384"]
[BlackElo "2350"]

1. e4 c5 2. Nf3 d6 3. d4 cxd4 4. Nxd4 Nf6 5. Nc3 a6 6. Be3 e5 7. Nb3 Be6 8. f3
Be7 9. Qd2 O-O 10. O-O-O Nbd7 11. g4 Qc7 12. Kb1 Rfc8 13. g5 Nh5 14. Nd5 Bxd5
15. exd5 a5 16. Nc1 Nb6 17. Rg1 a4 18. a3 g6 19. Na2 Bf8 20. Nc3 Ng7 21. Nb5
Nc4 22. Nxc7 Nxd2+ 23. Rxd2 Rxc7 24. Bb6 Rcc8 25. Rg4 Nf5 26. Bb5 Be7 27. Bd7
Rf8 28. Rdg2 Bd8 29. Bf2 Ra5 30. c4 Bc7 31. Re4 Rd8 32. Bb5 Ne7 33. Be1 Raa8
34. f4 Nf5 35. Bc3 Ba5 36. Bxa5 Rxa5 37. fxe5 dxe5 38. Rxe5 Nd6 39. Re7 Nxb5
40. cxb5 Rxb5 41. Rf2 Rdxd5 42. Rfxf7 Rd2 43. Rg7+ 1/2-1/2

[Event "Druzynowe Mistrzostwa Polski - II Liga Seniorow"]
[Site "Ustron/Slaski Zwiazek Szachowy"]
[Date "2008.09.12"]
[Round "6.3"]
[White "Budrewicz, Krzysztof"]
[Black "Protaziuk, Grzegorz"]
[Result "1/2-1/2"]
[WhiteTitle "m"]
[BlackTitle "m"]
[WhiteElo "2333"]
[BlackElo "2328"]

1. d4 Nf6 2. c4 c5 3. d5 b5 4. Nf3 Bb7 5. a4 Qa5+ 6. Bd2 b4 7. Qc2 d6 8. e4
Nbd7 9. Bd3 g6 10. O-O Bg7 11. h3 O-O 12. Bf4 Nh5 13. Bh2 Ne5 14. Be2 Nxf3+ 15.
Bxf3 Nf6 16. Nd2 Qc7 17. Be2 e5 18. dxe6 fxe6 19. e5 dxe5 20. Bf3 Bxf3 21. Nxf3
Nh5 22. Qe4 Nf4 23. Rad1 Rad8 24. b3 Rf5 25. Kh1 Rdf8 26. Ng1 R5f7 27. f3 Rd7
28. Ne2 Nxe2 29. Qxe2 Rfd8 30. Bg1 Qc6 31. Rxd7 Rxd7 32. Rd1 Rxd1 33. Qxd1 Bf8
34. Qd3 Kf7 35. Bf2 Be7 36. Kg1 Qd6 37. Qxd6 Bxd6 38. Bh4 h6 39. Kf2 e4 40. Ke3
exf3 41. gxf3 g5 42. Bf2 Kg6 43. Ke4 Kh5 44. Be1 Kg6 45. Bf2 Kf7 46. Be1 Kf6
47. Bf2 Ke7 48. Be3 Kd7 49. Bf2 Kc6 50. Be3 Bg3 51. Bg1 Bd6 1/2-1/2

[Event "Druzynowe Mistrzostwa Polski - II Liga Seniorow"]
[Site "Ustron/Slaski Zwiazek Szachowy"]
[Date "2008.09.12"]
[Round "6.4"]
[White "Sliwerski, Radoslaw"]
[Black "Lisowski, Krzysztof"]
[Result "1-0"]
[WhiteTitle "k+"]
[BlackTitle "k"]
[WhiteElo "2165"]
[BlackElo "2199"]

1. d4 d5 2. c4 c6 3. Nf3 Nf6 4. Nc3 e6 5. Bg5 dxc4 6. e4 b5 7. e5 h6 8. Bh4 g5
9. Nxg5 hxg5 10. Bxg5 Nbd7 11. exf6 Bb7 12. g3 c5 13. d5 Qb6 14. Bg2 O-O-O 15.
O-O b4 16. Na4 Qa6 17. a3 Bxd5 18. Bxd5 Ne5 19. Nxc5 Bxc5 20. Qe2 Rxd5 21. axb4
Qb7 22. bxc5 Nd3 23. f4 Rhd8 24. f5 exf5 25. c6 Qxc6 26. Rxa7 Re5 27. Be3 Qe4
28. Re7 Re8 29. Rxe8+ Rxe8 30. Rf3 Ne1 31. Rf4 Qxe3+ 32. Qxe3 Rxe3 33. Rxc4+
Kd7 34. Kf2 Re6 35. Rd4+ Ke8 36. Rd2 Re4 37. h4 Re6 38. h5 Rxf6 39. Kxe1 Rh6
40. Rh2 Kf8 41. Kd2 Kg7 42. Ke3 Rb6 43. Kf4 Rb3 44. h6+ Kh7 45. Kxf5 Rxg3 46.
b4 Rb3 47. Rh4 Rb1 48. Ke5 Rd1 49. Rf4 Rd7 50. Kf6 Rd1 51. Kxf7 Kxh6 52. Kf6
Kh7 53. Kf7 Kh6 54. b5 Rb1 55. Rf5 Rb2 56. Rd5 Rb1 57. Ke7 Kg6 58. Kd7 Kf6 59.
Kc6 Ke7 60. b6 Rc1+ 61. Kb7 Ra1 62. Kb8 Rb1 63. b7 Ra1 64. Kc7 Rc1+ 65. Kb6 1-0

[Event "Druzynowe Mistrzostwa Polski - II Liga Seniorow"]
[Site "Ustron/Slaski Zwiazek Szachowy"]
[Date "2008.09.12"]
[Round "6.5"]
[White "Migala, Andrzej"]
[Black "Delega, Tomasz"]
[Result "1/2-1/2"]
[WhiteTitle "I+"]
[BlackTitle "k"]
[WhiteElo "2091"]
[BlackElo "2075"]

1. e4 Nf6 2. e5 Nd5 3. c4 Nb6 4. c5 Nd5 5. Nc3 Nxc3 6. dxc3 e6 7. Be3 Nc6 8.
Nf3 b6 9. Bb5 Bb7 10. cxb6 axb6 11. Qd3 f6 12. exf6 gxf6 13. O-O Bd6 14. Bxb6
Bxh2+ 15. Nxh2 cxb6 16. Rfd1 Qe7 17. Qe3 Qc5 18. Qxc5 bxc5 19. f4 Rg8 20. Kf2
Ke7 21. g3 d5 22. Nf3 Rg7 23. Rh1 d4 24. Bxc6 Bxc6 25. cxd4 cxd4 26. Rh3 Ra4
27. a3 Rc4 28. Rd1 Rc2+ 29. Rd2 d3 30. Rxc2 dxc2 31. Rh1 Kd6 32. Rc1 Be4 33.
Nd4 Rb7 34. b4 Ke7 35. Ke3 f5 36. Nxc2 Ra7 37. b5 Bxc2 38. Rxc2 Rxa3+ 39. Kf2
Rb3 40. Rc7+ 1/2-1/2

[Event "Druzynowe Mistrzostwa Polski - II Liga Seniorow"]
[Site "Ustron/Slaski Zwiazek Szachowy"]
[Date "2008.09.12"]
[Round "6.6"]
[White "Rzepecka, Dorota"]
[Black "Krestianowa, Tatiana"]
[Result "0-1"]
[WhiteTitle "I++"]
[BlackTitle ""]
[WhiteElo "1924"]
[BlackElo "2194"]

1. e4 e5 2. f4 exf4 3. Nf3 Ne7 4. Bc4 d5 5. exd5 Nxd5 6. O-O Be6 7. Bxd5 Qxd5
8. d4 Nc6 9. Bxf4 O-O-O 10. c3 Bd6 11. Bxd6 Rxd6 12. Nbd2 Bg4 13. Qa4 Qh5 14.
Rae1 Rg6 15. Rf2 Bxf3 16. Nxf3 f6 17. Qb3 Rd8 18. Qe6+ Kb8 19. Nd2 Qd5 20. Qxd5
Rxd5 21. Re8+ Rd8 22. Rxd8+ Nxd8 23. Re2 Kc8 24. Ne4 b6 25. Kf2 Kd7 26. Kf3 f5
27. Ng3 Rf6 28. Nh5 Rf7 29. h4 h6 30. g4 Ne6 31. d5 Nc5 32. Nf4 fxg4+ 33. Kxg4
c6 34. c4 cxd5 35. cxd5 Kd6 36. b4 Na6 37. Re6+ Kd7 38. b5 Nc7 39. Rc6 Nxb5 40.
Ne6 g6 41. a4 h5+ 42. Kg3 Nd6 43. Rc7+ Ke8 44. Rc6 Nf5+ 45. Kh3 Ne3 46. Ng5 Rd7
47. d6 Nf5 48. Ne4 Kf7 49. Ng5+ Kf6 50. Rc7 Rxc7 51. dxc7 Ne7 52. Kg3 Ke5 53.
Nf3+ Kd6 54. Kf4 Kxc7 55. Nd4 a6 56. Ke5 Nc6+ 57. Nxc6 Kxc6 58. Kf6 b5 59.
axb5+ axb5 60. Kxg6 b4 61. Kxh5 b3 62. Kh6 b2 63. h5 b1=Q 64. Kg7 Qb2+ 65. Kh7
Qc2+ 66. Kg7 Qc3+ 67. Kh7 Qd3+ 68. Kg7 Qd4+ 69. Kg6 Qh8 70. h6 Qg8+ 71. Kh5 Kd5
0-1

[Event "Druzynowe Mistrzostwa Polski - II Liga Seniorow"]
[Site "Ustron/Slaski Zwiazek Szachowy"]
[Date "2008.09.12"]
[Round "6.7"]
[White "Hera, Imre"]
[Black "Warszawski, Bartosz"]
[Result "1-0"]
[WhiteTitle "GM"]
[BlackTitle "m"]
[WhiteElo "2518"]
[BlackElo "2277"]

1. d4 Nf6 2. c4 e6 3. Nf3 Bb4+ 4. Nbd2 b6 5. a3 Bxd2+ 6. Bxd2 h6 7. e3 Bb7 8.
Bd3 d6 9. Qc2 c5 10. e4 cxd4 11. Nxd4 O-O 12. O-O a6 13. Rfe1 Nbd7 14. Rac1 Rc8
15. Qb1 Qc7 16. f3 Qb8 17. Bf1 Rfd8 18. b4 Rc7 19. Nb3 Ne5 20. Qb2 Rcd7 21. Bf4
Ng6 22. Bxh6 d5 23. exd5 exd5 24. c5 bxc5 25. Nxc5 Rd6 26. Bg5 d4 27. Bd3 Qa8
28. Qc2 Nf8 29. Qf2 N8h7 30. Bf4 Rc6 31. Be5 Nf8 32. Qg3 Bc8 33. Be4 1-0

[Event "Druzynowe Mistrzostwa Polski - II Liga Seniorow"]
[Site "Ustron/Slaski Zwiazek Szachowy"]
[Date "2008.09.12"]
[Round "6.8"]
[White "Kaim, Piotr"]
[Black "Kosiorek, Marek"]
[Result "1/2-1/2"]
[WhiteTitle "k+"]
[BlackTitle "m"]
[WhiteElo "2227"]
[BlackElo "2371"]

1. e4 c5 2. Nf3 e6 3. Nc3 Nc6 4. Bb5 Nge7 5. O-O a6 6. Bxc6 Nxc6 7. d4 cxd4 8.
Nxd4 d6 9. Nxc6 bxc6 10. Qg4 h5 11. Qg3 h4 12. Qg4 h3 13. g3 Qa5 14. Bg5 Rb8
15. Rad1 e5 16. Qe2 Be6 17. Qd3 f6 18. Be3 Be7 19. b3 O-O 20. f4 Rfd8 21. f5
Bf7 22. Bd2 Qb6+ 23. Be3 Qa5 24. Bd2 Qb6+ 25. Be3 Qc7 26. Na4 d5 27. Qxa6 dxe4
28. Rxd8+ Bxd8 29. Rd1 Be7 30. Qa7 Rb7 31. Qa8+ Rb8 32. Qa7 Rb7 33. Qa8+ Rb8
34. Qa7 1/2-1/2

[Event "Druzynowe Mistrzostwa Polski - II Liga Seniorow"]
[Site "Ustron/Slaski Zwiazek Szachowy"]
[Date "2008.09.12"]
[Round "6.9"]
[White "Karbowiak, Adam"]
[Black "Chalupnik, Marcin"]
[Result "0-1"]
[WhiteTitle "k+"]
[BlackTitle "k+"]
[WhiteElo "2194"]
[BlackElo "2244"]

1. Nf3 g6 2. g3 Bg7 3. c4 d6 4. Bg2 e5 5. Nc3 f5 6. d3 Nf6 7. O-O O-O 8. Rb1
Nc6 9. b4 h6 10. b5 Ne7 11. Bb2 Be6 12. c5 g5 13. Ba3 Ng6 14. cxd6 cxd6 15. Qa4
Rf7 16. Rfc1 Rc7 17. Bb4 Rac8 18. e3 Nd5 19. Ne2 Nxb4 20. Rxc7 Qxc7 21. Qxb4
Qc2 22. Bf1 Qxa2 23. e4 fxe4 24. dxe4 Bf8 25. Nc1 Qc2 26. Ne1 Qc5 27. Qa4 d5
28. exd5 Bxd5 29. Bh3 Rc7 30. Ncd3 Qd4 31. Qd1 Rc3 32. Qh5 Kg7 33. Rd1 Bc5 34.
Bf5 Ne7 35. Nf3 Bf7 36. Nxd4 Bxh5 37. Ne6+ Kg8 38. Rc1 Rxc1+ 39. Nxc1 Bxf2+ 40.
Kxf2 Nxf5 41. Nd3 Nd4 42. b6 Nxe6 43. bxa7 Nc7 44. Nxe5 Kf8 45. Ke3 Ke7 46. h4
gxh4 47. gxh4 Kd6 48. Ke4 Kc5 49. Nd7+ Kb5 50. Ke5 Bd1 51. Kd6 Na8 52. Ne5 h5
53. Kd5 Kb6 54. Kc4 Kxa7 55. Kb4 Kb6 56. Nc4+ Kc7 57. Kc5 b6+ 58. Kb4 Kb7 59.
Ne3 Bf3 60. Nc4 Nc7 0-1

[Event "Druzynowe Mistrzostwa Polski - II Liga Seniorow"]
[Site "Ustron/Slaski Zwiazek Szachowy"]
[Date "2008.09.12"]
[Round "6.10"]
[White "Rams, Michal"]
[Black "Kukula, Pawel"]
[Result "1-0"]
[WhiteTitle "k"]
[BlackTitle "k+"]
[WhiteElo "2244"]
[BlackElo "2238"]

1. e4 c5 2. Nf3 Nc6 3. Bb5 d6 4. O-O Bd7 5. Re1 a6 6. Bf1 Nf6 7. c3 Bg4 8. d3
e6 9. Nbd2 Be7 10. h3 Bh5 11. g4 Bg6 12. Nh4 Nd7 13. Nxg6 hxg6 14. f4 Qc7 15.
Nf3 O-O-O 16. d4 d5 17. e5 Kb8 18. Be3 f6 19. Bg2 f5 20. Rc1 cxd4 21. cxd4 Qb6
22. Qe2 Rc8 23. Bf1 Na5 24. b3 Ba3 25. Rxc8+ Rxc8 26. gxf5 gxf5 27. Qg2 Nf8 28.
Qxg7 Nc6 29. Re2 Nb4 30. h4 Nc2 31. Bf2 Rc7 32. Qg8 Ka7 33. h5 Rc3 34. Kg2 Qb4
35. h6 Bc1 36. h7 Nxh7 37. Qxh7 Bxf4 38. Qh4 Bc1 39. Ne1 Na3 40. Bg3 Qf8 41.
Bf4 Qg7+ 42. Kf2 Bxf4 43. Qxf4 Qc7 44. Qd2 Rc6 45. Kg1 Nb1 46. Qh6 Qb6 47. Qe3
Rc3 48. Qf2 Rc8 49. Rc2 Rg8+ 50. Bg2 Na3 51. Rd2 Nb1 52. Rd3 Qb4 53. Kf1 Rc8
54. Qb2 Na3 55. Bf3 Nc4 56. Qc1 Nb6 57. Qd2 Qa3 58. Rc3 Rg8 59. Rc7 Na8 60. Rc5
Nb6 61. Nd3 Nd7 62. Rc7 Rd8 63. Qb4 Qxb4 64. Nxb4 Kb6 65. Rc1 Rh8 66. Kf2 Rh4
67. Nc2 Rh8 68. Rh1 Rc8 69. Bd1 Nb8 70. Rh6 Re8 71. Ke3 Nc6 72. Bh5 Re7 73. Rf6
Rh7 74. Be2 Re7 75. Ne1 Kc7 76. Nd3 Nd8 77. b4 Rh7 78. Nc5 Re7 79. a4 b6 80.
Nxa6+ Kb7 81. b5 Rh7 82. Rg6 Rh1 83. Rg7+ Ka8 84. Rg8 f4+ 85. Kxf4 Ra1 86.
Rxd8+ Ka7 87. Rd6 Rxa4 88. Ke3 Ra3+ 89. Bd3 1-0

[Event "Druzynowe Mistrzostwa Polski - II Liga Seniorow"]
[Site "Ustron/Slaski Zwiazek Szachowy"]
[Date "2008.09.12"]
[Round "6.11"]
[White "Zwolakiewicz, Krzysztof"]
[Black "Przybyla, Kamil"]
[Result "1-0"]
[WhiteTitle "I++"]
[BlackTitle "I+"]
[WhiteElo "2051"]
[BlackElo "2134"]

1. e4 c5 2. Nc3 Nc6 3. f4 g6 4. Nf3 Bg7 5. Bc4 e6 6. d3 Nge7 7. O-O d5 8. Bb3
O-O 9. Qe1 Nd4 10. Nxd4 cxd4 11. Ne2 dxe4 12. dxe4 b6 13. Qf2 Nc6 14. e5 Qc7
15. Nxd4 Nxd4 16. Qxd4 Ba6 17. Re1 Rfd8 18. Qf2 Bc4 19. Bxc4 Qxc4 20. Be3 Rd5
21. c3 Rad8 22. Qc2 Bf8 23. b3 Qd3 24. Qc1 Bc5 25. c4 R5d7 26. Bxc5 bxc5 27.
Qe3 Qxe3+ 28. Rxe3 Rd2 29. Kf1 R8d4 30. Rf3 Re4 31. Rf2 Rxf2+ 32. Kxf2 Rxf4+
33. Ke3 Rd4 34. Rc1 Kg7 35. b4 Rd7 36. bxc5 Kf8 37. Rb1 Rc7 38. Rb8+ Ke7 39.
Kd4 Kd7 40. g4 Kc6 41. Rd8 g5 42. Rd6+ Kb7 43. a4 Rc8 44. a5 Rc6 45. Rd7+ Rc7
46. a6+ Kb8 47. Rd6 Re7 48. c6 Kc7 49. Kc5 Kc8 50. Rd3 Kc7 51. Rb3 1-0

[Event "Druzynowe Mistrzostwa Polski - II Liga Seniorow"]
[Site "Ustron/Slaski Zwiazek Szachowy"]
[Date "2008.09.12"]
[Round "6.12"]
[White "Zajkowska, Olga"]
[Black "Czarnota, Dorota"]
[Result "0-1"]
[WhiteTitle "I++"]
[BlackTitle "WIM"]
[WhiteElo "1887"]
[BlackElo "2229"]

1. d4 Nf6 2. c4 g6 3. Nc3 Bg7 4. e4 d6 5. f3 O-O 6. Bg5 a6 7. Qd2 c5 8. d5 b5
9. cxb5 Qa5 10. a4 Nbd7 11. Nh3 Nb6 12. Nf2 axb5 13. Bxb5 Bd7 14. Bxd7 Nfxd7
15. O-O Nc4 16. Qc2 Nxb2 17. Rfc1 Qxc3 18. Qxc3 Bxc3 19. Rxc3 f6 20. Bh6 Rfb8
21. Rca3 Rxa4 22. Rxa4 Nxa4 23. Rxa4 Rb1+ 24. Nd1 Rxd1+ 25. Kf2 Nb6 26. Ra7 Kf7
27. Rb7 Rb1 28. e5 Rb2+ 29. Kg3 Nc4 30. e6+ Ke8 31. Rc7 Rb8 32. Ra7 Nb6 33. Bf4
Nxd5 34. Bxd6 exd6 35. Rxh7 Rd8 36. Rf7 c4 37. Kf2 c3 38. Ke1 c2 39. Kd2 Rc8
40. Kc1 Nb4 0-1

[Event "Druzynowe Mistrzostwa Polski - II Liga S"]
[Site "Ustron/Slaski Zwiazek Szachowy"]
[Date "2008.09.11"]
[Round "6.13"]
[White "Juroszek, Tadeusz"]
[Black "Cichocki, Adam"]
[Result "1-0"]
[WhiteElo "2397"]
[BlackElo "2320"]
[PlyCount "77"]
[EventDate "2008.??.??"]

1. Nf3 d5 2. c4 c6 3. e3 Nf6 4. Qc2 g6 5. b3 Bg7 6. Bb2 O-O 7. Be2 Nbd7 8. cxd5
cxd5 9. O-O Nb6 10. Bd4 Bf5 11. Qb2 Rc8 12. Nc3 Ne8 13. Bxg7 Nxg7 14. a4 Qd6
15. a5 Nd7 16. a6 b6 17. Qa3 Qxa3 18. Rxa3 Nf6 19. Ne5 Rfd8 20. Nb5 Ra8 21. Nc6
Rd7 22. Rc1 Nge8 23. f3 h5 24. b4 Kf8 25. Ne5 Rdd8 26. Rac3 Nd6 27. Nc7 Rac8
28. Nc6 Rxc7 29. Nxd8 Rd7 30. Nc6 Nfe8 31. Nd4 e5 32. Nb5 d4 33. exd4 Nxb5 34.
Bxb5 Rxd4 35. Rc8 Bd7 36. Bxd7 Rxd7 37. Rb8 Ke7 38. Rb7 Nd6 39. Rcc7 1-0

[Event "Druzynowe Mistrzostwa Polski - II Liga S"]
[Site "Ustron/Slaski Zwiazek Szachowy"]
[Date "2008.09.11"]
[Round "6.14"]
[White "Dlugosz, Jedrzej"]
[Black "Kulesza, Mateusz"]
[Result "1/2-1/2"]
[WhiteElo "2340"]
[BlackElo "2280"]
[PlyCount "24"]
[EventDate "2008.??.??"]

1. e4 e6 2. d4 d5 3. Nd2 Nf6 4. e5 Nfd7 5. f4 c5 6. c3 Nc6 7. Ndf3 cxd4 8. cxd4
f5 9. Bd3 a5 10. Ne2 a4 11. a3 Nb6 12. O-O Na5 {Dalej zapisy nieczytelne}
1/2-1/2

[Event "Druzynowe Mistrzostwa Polski - II Liga S"]
[Site "Ustron/Slaski Zwiazek Szachowy"]
[Date "2008.09.11"]
[Round "6.15"]
[White "Wojciechowski, Piotr"]
[Black "Murawski, Wieslaw"]
[Result "0-1"]
[WhiteElo "2247"]
[BlackElo "2097"]
[PlyCount "56"]
[EventDate "2008.??.??"]

1. e4 c5 2. c3 Nf6 3. e5 Nd5 4. d4 cxd4 5. Nf3 d6 6. cxd4 Nc6 7. Bc4 Nb6 8. Bb3
dxe5 9. d5 Na5 10. Nc3 Bg4 11. Ba4+ Nxa4 12. Qxa4+ Bd7 13. Qh4 f6 14. O-O Rc8
15. Re1 Nc4 16. b3 Nd6 17. Bb2 g6 18. Nd4 exd4 19. Qxf6 dxc3 20. Ba3 Rg8 21.
Bxd6 Rg7 22. Bxe7 Rxe7 23. d6 Rc6 24. Rac1 a5 25. a3 c2 26. dxe7 Rxf6 27.
exd8=Q+ Kxd8 28. Rxc2 Bxa3 0-1

[Event "Druzynowe Mistrzostwa Polski - II Liga S"]
[Site "Ustron/Slaski Zwiazek Szachowy"]
[Date "2008.09.11"]
[Round "6.16"]
[White "Bugalski, Michal"]
[Black "Gola, Karol"]
[Result "1-0"]
[WhiteElo "2279"]
[BlackElo "2174"]
[PlyCount "101"]
[EventDate "2008.??.??"]

1. e4 e5 2. Nf3 Nc6 3. Bb5 a6 4. Bxc6 dxc6 5. O-O f6 6. d4 exd4 7. Nxd4 c5 8.
Ne2 Qxd1 9. Rxd1 Bd7 10. Nbc3 O-O-O 11. Be3 Re8 12. Rd2 Bc6 13. Rad1 b6 14. Nf4
Ne7 15. Ne6 Ng6 16. Rd8+ Kb7 17. Rxe8 Bxe8 18. Nd5 Bd6 19. Nxg7 Be5 20. Nxe8
Rxe8 21. Bc1 c6 22. Ne3 Kc7 23. Nc4 Bf4 24. Bxf4+ Nxf4 25. f3 b5 26. Ne3 c4 27.
g3 Ne6 28. Kf2 Nc5 29. Rd2 a5 30. h4 Na4 31. c3 Nc5 32. Ng4 Re6 33. Ke3 f5 34.
Nf2 fxe4 35. Nxe4 Nd3 36. b3 Ne5 37. f4 Nd7 38. f5 Re7 39. Kf4 cxb3 40. axb3 h5
41. f6 Rf7 42. Kf5 Nf8 43. Nc5 Kb6 44. b4 a4 45. Re2 Nh7 46. Kg6 Ra7 47. f7
Nf8+ 48. Kg7 a3 49. Kxf8 a2 50. Rxa2 Rc7 51. Ra6# 1-0

[Event "Druzynowe Mistrzostwa Polski - II Liga S"]
[Site "Ustron/Slaski Zwiazek Szachowy"]
[Date "2008.09.11"]
[Round "6.17"]
[White "Duda, Lukasz"]
[Black "Kempinski, Tomasz"]
[Result "1-0"]
[WhiteElo "2150"]
[BlackElo "2260"]
[PlyCount "97"]
[EventDate "2008.??.??"]

1. e4 c5 2. Nf3 g6 3. d4 Bg7 4. c4 cxd4 5. Nxd4 Nc6 6. Be3 Nf6 7. Nc3 Ng4 8.
Qxg4 Nxd4 9. Qd1 Ne6 10. Rc1 O-O 11. Bd3 d6 12. O-O Bd7 13. Qd2 a5 14. Bh6 Bc6
15. Nd5 Nc5 16. Bxg7 Kxg7 17. Bb1 e5 18. f4 f6 19. Rc3 Bxd5 20. exd5 f5 21.
fxe5 dxe5 22. Rh3 h5 23. Rg3 Qb6 24. Kh1 Kh7 25. h3 e4 26. Qg5 Rad8 27. Bc2 Qd6
28. Qh4 Rd7 29. Bd1 Qe7 30. Qf4 Nd3 31. Qd2 f4 32. Rxd3 exd3 33. Qxd3 Qe5 34.
b3 b6 35. Bf3 Re8 36. Rd1 Rd6 37. Qc2 Kh6 38. h4 Qf6 39. Qf2 Re3 40. Rf1 Qe5
41. Rc1 Rd7 42. Qd2 Qf6 43. Qf2 Rde7 44. Kh2 Qd6 45. Qd2 R7e5 46. Qf2 Re8 47.
Qd2 Qe7 48. Qf2 Re1 49. d6 1-0

[Event "Druzynowe Mistrzostwa Polski - II Liga S"]
[Site "Ustron/Slaski Zwiazek Szachowy"]
[Date "2008.09.11"]
[Round "6.18"]
[White "Bukowska, Katarzyna"]
[Black "Szydlowska, Marta"]
[Result "1-0"]
[WhiteElo "2040"]
[BlackElo "2032"]
[PlyCount "75"]
[EventDate "2008.??.??"]

1. e4 c6 2. d4 d5 3. Nd2 dxe4 4. Nxe4 Nf6 5. Nxf6+ gxf6 6. Nf3 Bf5 7. Be2 Qc7
8. O-O Nd7 9. Be3 O-O-O 10. c4 Rg8 11. g3 e6 12. Nh4 Be4 13. Bf3 f5 14. Bxe4
fxe4 15. Ng2 Ne5 16. Qe2 Nf3+ 17. Kh1 f5 18. Rad1 Bd6 19. c5 Be7 20. Ne1 Ng5
21. Bxg5 Bxg5 22. Ng2 Qg7 23. Qc4 Qh6 24. Rg1 Rg6 25. b4 Qh3 26. Qf1 Rh6 27.
Nh4 Qg4 28. f3 exf3 29. Nxf3 Be3 30. Rg2 Bxd4 31. Rgd2 e5 32. Nxe5 Qxg3 33.
Qxf5+ Kc7 34. Nf3 Qg7 35. Qf4+ Kc8 36. Rxd4 Rxd4 37. Qxd4 Qc7 38. Qg4+ 1-0

[Event "Druzynowe Mistrzostwa Polski - II Liga S"]
[Site "Ustron/Slaski Zwiazek Szachowy"]
[Date "2008.09.11"]
[Round "6.19"]
[White "Latas, Boguslaw"]
[Black "Maciejczak, Jakub"]
[Result "0-1"]
[WhiteElo "2299"]
[BlackElo "2344"]
[PlyCount "58"]
[EventDate "2008.??.??"]

1. e4 c6 2. Nc3 d5 3. Nf3 dxe4 4. Nxe4 Nd7 5. Bc4 e6 6. O-O Ngf6 7. Nxf6+ Nxf6
8. d4 Be7 9. c3 O-O 10. Ne5 Qc7 11. Qf3 Bd6 12. Re1 Nd5 13. Bd3 f6 14. Qe4 g6
15. Nf3 b5 16. Bd2 Bd7 17. Rac1 Rae8 18. b3 Bf4 19. Bf1 Bxd2 20. Nxd2 e5 21. c4
bxc4 22. Bxc4 Qd6 23. dxe5 fxe5 24. Rcd1 Rf4 25. Qe3 Rd4 26. Qg3 Kg7 27. Nf3
Rg4 28. Qxe5+ Rxe5 29. Nxe5 Rg5 0-1

[Event "Druzynowe Mistrzostwa Polski - II Liga S"]
[Site "Ustron/Slaski Zwiazek Szachowy"]
[Date "2008.09.11"]
[Round "6.20"]
[White "Jaroch, Karol"]
[Black "Kuziola, Mateusz"]
[Result "0-1"]
[WhiteElo "2158"]
[BlackElo "2309"]
[PlyCount "56"]
[EventDate "2008.??.??"]

1. e4 c5 2. a3 g6 3. h4 h5 4. Nf3 Bg7 5. d4 cxd4 6. Nxd4 Nc6 7. Nb3 Nf6 8. Nc3
d6 9. Bg5 Be6 10. Qd2 a6 11. f3 Rc8 12. Nd5 Bxd5 13. exd5 Ne5 14. Be3 b5 15. c3
Nc4 16. Bxc4 bxc4 17. Nd4 Qa5 18. O-O-O Qxd5 19. Qc2 Nd7 20. Qa4 Qb7 21. g4 Kf8
22. Rhe1 Nc5 23. Qc2 e5 24. Ne2 Nd3+ 25. Rxd3 cxd3 26. Qxd3 Qxf3 27. Qxd6+ Kg8
28. Bd2 Qxg4 0-1

[Event "Druzynowe Mistrzostwa Polski - II Liga S"]
[Site "Ustron/Slaski Zwiazek Szachowy"]
[Date "2008.09.11"]
[Round "6.21"]
[White "Kolago, Marcin"]
[Black "Jaroch, Pawel"]
[Result "0-1"]
[WhiteElo "2340"]
[BlackElo "2255"]
[PlyCount "38"]
[EventDate "2008.??.??"]

1. e4 d6 2. Nc3 Nf6 3. d4 e5 4. Nf3 Nbd7 5. Bc4 Be7 6. O-O O-O 7. a4 c6 8. Re1
h6 9. h3 Qc7 10. b3 Re8 11. Ba3 Nf8 12. Qd2 Ng6 13. d5 c5 14. Nb5 Qd8 15. b4 b6
16. bxc5 bxc5 17. Bb2 a6 18. Na3 Bd7 19. Bc3 Nf4 {Dalej zapisy rozne} 0-1

[Event "Druzynowe Mistrzostwa Polski - II Liga S"]
[Site "Ustron/Slaski Zwiazek Szachowy"]
[Date "2008.09.11"]
[Round "6.22"]
[White "Ziolkowski, Dawid"]
[Black "Seifert, Henryk"]
[Result "1-0"]
[WhiteElo "2183"]
[BlackElo "2235"]
[PlyCount "127"]
[EventDate "2008.??.??"]

1. e4 e6 2. d4 d5 3. Nc3 Nf6 4. exd5 exd5 5. Bd3 Nc6 6. Nge2 Bg4 7. f3 Bh5 8.
Bg5 Be7 9. Qd2 Bg6 10. O-O-O Bxd3 11. Qxd3 O-O 12. Ng3 Nd7 13. Bxe7 Nxe7 14.
Rde1 c6 15. Re2 Ng6 16. Qf5 Re8 17. h4 Qc7 18. Nh5 Rxe2 19. Nxe2 Re8 20. Neg3
Re6 21. Qg4 Qa5 22. c3 Qxa2 23. Nxg7 Kxg7 24. h5 Nf6 25. Qg5 Qa1+ 26. Kc2 Re2+
27. Nxe2 Qxh1 28. Ng3 Qxg2+ 29. Kb3 Kf8 30. hxg6 hxg6 31. f4 Ne4 32. Nxe4 Qxe4
33. Qd8+ Qe8 34. Qf6 Kg8 35. f5 Qe4 36. Qd8+ Kh7 37. fxg6+ Kxg6 38. Qg8+ Kf6
39. Qh8+ Kg5 40. Qd8+ f6 41. Qc7 Qe2 42. Qg7+ Kf5 43. Qh7+ Ke6 44. Qg8+ Kd7 45.
Qg7+ Qe7 46. Qg4+ Kc7 47. Qf5 b6 48. Ka2 a5 49. Qf4+ Qd6 50. Qf5 c5 51. dxc5
bxc5 52. Qf1 Kb6 53. Qf5 d4 54. cxd4 cxd4 55. b3 d3 56. Qf2+ Kc6 57. Qd2 Qd5
58. Qc3+ Kb5 59. Qxf6 Kb4 60. Qf4+ Kc3 61. Qg3 Kc2 62. Qg6 Qd4 63. Qc6+ Qc3 64.
Qe4 {Dalej zapisy rozne} 1-0

[Event "Druzynowe Mistrzostwa Polski - II Liga S"]
[Site "Ustron/Slaski Zwiazek Szachowy"]
[Date "2008.09.11"]
[Round "6.23"]
[White "Milanowski, Jan"]
[Black "Jozwicki, Jakub"]
[Result "1-0"]
[WhiteElo "2080"]
[BlackElo "2220"]
[PlyCount "79"]
[EventDate "2008.??.??"]

1. d4 f5 2. Nf3 Nf6 3. c4 g6 4. Nc3 Bg7 5. Bf4 d6 6. e3 O-O 7. Qb3 b6 8. h4 c5
9. O-O-O Nc6 10. d5 Nb4 11. a3 Na6 12. Be2 Nc7 13. Ne1 h5 14. Nd3 Qe8 15. f3 b5
16. Nxc5 bxc4 17. Bxc4 Nd7 18. N5a4 Rb8 19. Qc2 Ba6 20. Bxa6 Nxa6 21. Kd2 Nb6
22. Nxb6 Rxb6 23. Ke1 Qb8 24. Rb1 Rc8 25. Kf2 Rb3 26. e4 fxe4 27. Qxe4 Rxb2+
28. Rxb2 Qxb2+ 29. Ne2 Rc2 30. Re1 Nc5 31. Qxg6 Qd4+ 32. Kg3 Qd3 33. Qe8+ Bf8
34. Bh6 Nd7 35. Nf4 Qh7 36. Bxf8 Nxf8 37. Rxe7 Qf5 38. Qxh5 Qxh5 39. Nxh5 Ng6
40. Rg7+ 1-0

[Event "Druzynowe Mistrzostwa Polski - II Liga S"]
[Site "Ustron/Slaski Zwiazek Szachowy"]
[Date "2008.09.11"]
[Round "6.24"]
[White "Bursa, Renata"]
[Black "Wesolowska, Hanna"]
[Result "1-0"]
[WhiteElo "2065"]
[BlackElo "2054"]
[PlyCount "67"]
[EventDate "2008.??.??"]

1. d4 d5 2. Nf3 Nf6 3. c4 dxc4 4. e3 e6 5. Bxc4 c5 6. Qe2 a6 7. dxc5 Bxc5 8.
O-O b5 9. Bd3 Nbd7 10. e4 Bb7 11. e5 Nd5 12. a4 b4 13. Bg5 Qb8 14. Re1 h6 15.
Bc1 a5 16. Qe4 Qa7 17. Qh4 Rc8 18. Nbd2 g5 19. Nxg5 Bxf2+ 20. Qxf2 Qxf2+ 21.
Kxf2 hxg5 22. Nc4 Nc5 23. Nd6+ Kd7 24. Bc4 Rcg8 25. Kg1 f5 26. Rd1 Rh4 27. Bf1
Bc6 28. g3 Rh7 29. Bb5 Nb3 30. Rb1 Rgh8 31. Bxg5 Rxh2 32. Bh4 Rc2 33. Nxf5 Nd2
34. Bxc6+ 1-0